BMD Biomedical Computer Programs

محفوظ في:
التفاصيل البيبلوغرافية
المؤلف الرئيسي: Dixon, W. J (مؤلف)
التنسيق: كتاب
اللغة:الإنجليزية
منشور في: Berkeley University of California 1973
الطبعة:3a. ed
الموضوعات:
الوسوم: إضافة وسم
لا توجد وسوم, كن أول من يضع وسما على هذه التسجيلة!

MARC

LEADER 00000nam a2200000 a 4500
001 UCQ1731
003 CL-VaPUC
008 980721e19730000US |||||||||||||||||eng|d
082 0 4 |a 005.369  |b DIX  |2 21 
100 0 |a Dixon, W. J  |e author  |9 415479 
245 1 0 |a BMD Biomedical Computer Programs 
250 |a 3a. ed 
300 |a 773 p 
942 |c BK 
945 |d 19980721 00:00:00  |a cmena 
260 |a Berkeley  |b University of California  |c 1973 
650 0 |a Programación de computadores   |9 259531 
650 0 |a Almacenamiento de información  |9 415480 
650 0 |a Software  |9 387312 
583 |a last modification  |c 19980721 00:00:00  |k Rodrigo Vera 
999 |c 272575  |d 272573 
952 |0 0  |1 0  |4 0  |6 005_369000000000000_DIX_1973  |7 0  |8 P  |9 307685  |a BIBGIM  |b BIBGIM  |d 2019-11-20  |i 1437461  |o 005.369 DIX 1973  |p 1437461  |r 2025-01-15  |w 2019-11-20  |y BK  |k COM